000 00726nam a2200241 i 4500
001 C2-0314274
003 PPAK
005 20180728105937.0
008 111215s my |||| ||||| | may d
020 _a9789830424323
040 _aPPAK
_beng
_cPPAK
_erda
082 0 4 _a297.4
_223
090 0 0 _a297.4
_bMOH
_dKK
100 0 _aMohammad Nidzam bin Abdul Kadir,
_eauthor
245 1 0 _aMemantap ukhuwah memperkasa ummah
264 1 _a[Kuala Lumpur] :
_bJabatan Kemajuan Islam Malaysia ,
_c[date of publication not identified]
300 _a32 pages ;
_c22 cm
336 _2rdacontent
_atext
337 _2rdamedia
_aunmediated
338 _2rdacarrier
_avolume
650 1 0 _aIslam - Customs and pratices
942 _ddc
_cB
999 _c115728
_d115728